000 00492nam a2200157Ia 4500
008 100122s9999 xx 000 0 und d
082 _b73932
_a301.2
100 _aतामोरे पंढरीनाथ
245 _aकोळी जीवनशैली
250 _a1
260 _bसामंत पब्लिकेशन्स
_c2008
300 _a116
630 _aकोळी जीवनशैली
730 _aकोळी जीवनशैली
942 _cBOOK
999 _c389928
_d389925